Вып. 15

Bibliografiske detaljer
Institution som forfatter: Академия наук СССР Институт металлургии им. А. А. Байкова
Andre forfattere: Боровский И. Б. (редактор)
Sprog:russisk
Udgivet: Москва, Издательство Академии наук СССР, 1963
Serier:Труды института металлургии. Металлургия, металловедение, физико-химические методы исследования Вып. 15
Fag:
Format: MixedMaterials Bog
KOHA link:https://koha.lib.tpu.ru/cgi-bin/koha/opac-detail.pl?biblionumber=671112

MARC

LEADER 00000nam0a2200000 4500
001 671112
005 20240304114743.0
035 |a (RuTPU)RU\TPU\retro\34867 
035 |a RU\TPU\book\111692 
090 |a 671112 
100 |a 20240304d1963 k||y0rusy5003 ca 
101 0 |a rus 
102 |a RU 
105 |a a z 001zy 
181 0 |a i   |b  e 
182 0 |a n 
183 0 |a nc  |2 RDAcarrier 
200 0 |a Вып. 15  |f Институт металлургии им. А. А. Байкова ; отв. ред. Боровский И. Б. 
203 |a Текст  |b визуальный  |c непосредственный 
210 |a Москва  |c Издательство Академии наук СССР  |d 1963 
215 |a 163 с.  |c ил. 
225 1 |a Труды института металлургии. Металлургия, металловедение, физико-химические методы исследования  |v Вып. 15 
320 |a Библиогр. в конце статей 
606 1 |a Металлургия общая  |2 stltpush  |9 62604 
606 1 |a Металловедение  |x Общие вопросы  |9 62070 
610 1 |a физика металлов 
610 1 |a зарядность ионов 
610 1 |a методы определения 
610 1 |a рентгеновский спектрограф 
610 1 |a микрофокусный источник 
610 1 |a искажения 
610 1 |a кристаллические структуры 
610 1 |a взаимная диффузия 
610 1 |a рениевый минерал 
610 1 |a медно-свинцовые руды 
610 1 |a твердые растворы 
610 1 |a оптические свойства 
610 1 |a гальваномагнитные свойства 
610 1 |a электрические свойства 
610 1 |a спектры поглощения 
610 1 |a температурная зависимость 
610 1 |a расчетные формулы 
610 1 |a устройства 
610 1 |a нагрев 
610 1 |a металлические образцы 
610 1 |a термический анализ 
675 |a 669  |z rus  |v 4 
675 |a 669.017  |z rus  |v 4 
675 |a 665.63  |z rus 
702 1 |a Боровский  |b И. Б.  |4 340 
712 0 2 |a Академия наук СССР  |b Институт металлургии им. А. А. Байкова  |c (Москва)  |3 (RuTPU)RU\TPU\col\11359  |9 23341 
801 0 |a RU  |b 63413507  |c 20240304  |g psbo 
801 1 |a RU  |b 63413507  |c 20240304  |g PSBO 
801 2 |a RU  |b 63413507  |c 20240304  |g PSBO 
942 |c CR